Alle Bahnhöfe/Haltepunkte der Main-Lahn-Bahn - Statistiken

Allgemein
  • Dieses Quiz wurde 25 mal gespielt
  • Das Durchschnittsergebnis liegt bei 10 aus 21
Antwortstatistiken
Bahnhof/Haltepunkt Landkreis/Stadt % Korrekt
Frankfurt Hbf(tief) Frankfurt am Main
100%
Frankfurt-Höchst Frankfurt am Main
74%
Frankfurt-Nied Frankfurt am Main
74%
Niedernhausen (Taunus) Rheingau-Taunus-Kreis
68%
Idstein (Taunus) Rheingau-Taunus-Kreis
63%
Bad Camberg Limburg-Weilburg
58%
Eppstein Main-Taunus-Kreis
58%
Frankfurt-Farbwerke Frankfurt am Main
58%
Eschhofen Limburg-Weilburg
53%
Frankfurt-Griesheim Frankfurt am Main
53%
Hofheim Main-Taunus-Kreis
53%
Frankfurt-Zeilsheim Frankfurt am Main
47%
Kriftel Main-Taunus-Kreis
47%
Eppstein-Bremthal Main-Taunus-Kreis
37%
Lorsbach Main-Taunus-Kreis
32%
Niederjosbach Main-Taunus-Kreis
32%
Niederbrechen Limburg-Weilburg
26%
Niederselters Limburg-Weilburg
26%
Oberbrechen Limburg-Weilburg
26%
Lindenholzhausen Limburg-Weilburg
21%
Wörsdorf Rheingau-Taunus-Kreis
21%
Keine übereinstimmenden Quizze gefunden
Verteilung der Resultate
Anzahl Personen mit jedem Resultat
Perzentil nach korrekt beantworteten Fragen
Ihre Resultats-Entwicklung
Sie haben dieses Quiz noch nicht gespielt